| 000 | 00607nam a22001817a 4500 | ||
|---|---|---|---|
| 003 | BD-DhUL | ||
| 005 | 20180529122658.0 | ||
| 008 | 180529s1982 ii ||||| |||| 00| 0 ben d | ||
| 040 |
_aBD-DhUL _cBD-DhUL |
||
| 082 |
_a891.443 _bRAP |
||
| 100 | 1 | _aচৌধুরী, রমাপদ | |
| 245 | 1 | 0 |
_aপোষ্টমর্টেম / _cরমাপদ চৌধুরী |
| 260 |
_aকলিকাতা : _bসংবাদ, _c১৯৮২ |
||
| 300 |
_a ১২৩ পৃ. ; _c১৭ সেমি. |
||
| 650 | 4 | _aবাংলা উপন্যাস | |
| 650 | 4 | _aBengali fiction | |
| 942 |
_2ddc _cBK |
||
| 999 |
_c241706 _d241706 |
||